000 00530nam a2200205Ia 4500
003 OSt
005 20260619151434.0
008 210210b1995 xxu||||| |||| 00| 0 eng d
040 _cAL
041 _aeng
082 _a070.172 KOTN
100 _aGulab Kothari
_9265795
245 _aNewspaper management in India
260 _aThe Netherlands
_bIntercultural Open University
_c1995
300 _a177p
650 _aNews paper management india
_9265796
690 _aJournalism
_9265797
906 _a056629
942 _2ddc
_cBK
999 _c104110
_d104110